000 00596nam a2200229Ia 4500
003 OSt
005 20220928104111.0
006 a|||||r|||| 00| 0
007 ta
008 220927b |||||||| |||| 00| 0 eng d
024 _a24739
037 _cTextual
040 _aSDCL
_cSDCL
_beng
041 _2eng
_aeng
082 _aX:8F.3'N7, L9
100 _aFrankel M R
_9408583
245 0 _aPreparation of group accounts
260 _aLondon
_bFinancial training
_c1979
300 _a259p
_ccm.
942 _hX:8F.3'N7, L9
_cTEXL
_2CC
999 _c724081
_d724081